Modelovanie fluidného katalytického reaktora na štiepenie ťažkých zvyškov spracovania ropy diplomová práca

Salvato in:
Dettagli Bibliografici
Autore principale: Cibulka, Tomáš
Natura: Libro
Lingua:slovacco
Pubblicazione: Bratislava STU FCHPT 2017
Accesso online:Visualizza in OPAC
Tags: Aggiungi Tag
Nessun Tag, puoi essere il primo ad aggiungerne!!

MARC

LEADER 00000nam a2200000 a 4500
005 20260127134306.0
008 170808 2017 xo 001 0 slo d
035 |a vtls011706051 
039 9 |y 201708081005  |z mschk03 
040 |a STUSCHK1  |b slo  |c STUSCHK1  |e AACR2 
100 1 |a Cibulka, Tomáš 
245 1 |a Modelovanie fluidného katalytického reaktora na štiepenie ťažkých zvyškov spracovania ropy  |b diplomová práca  |c Tomáš Cibulka 
260 |a Bratislava  |b STU FCHPT  |c 2017 
300 |a 60 s. ňb il. ňc 25 cm 
500 |a Študijný program: chemické inžinierstvo 
500 |a Študijný odbor: chemické inžinierstvo 
500 |a Školiace pracovisko: Oddelenie chemického a biochemického inžinierstva 
500 |a Evid. číslo: FCHPT-5433-61013 
910 |a SCHK95 
999 |c 8975  |d 8975